| 000 | 00467nam a2200181Ia 4500 | ||
|---|---|---|---|
| 001 | 9487 | ||
| 005 | 20260306161722.0 | ||
| 008 | 260306t2006||||xx |||||||||||||| ||spa|| | ||
| 041 | _aESP | ||
| 082 |
_a379.20985 _bL65 |
||
| 100 |
_aLinares Gallo, José _eAUT |
||
| 245 | 0 | _aDescentralización educativa e innovaciones tecnológicas en el aula | |
| 260 | _c2006 | ||
| 300 |
_a235 páginas : _c21 cm. |
||
| 650 | _aGEN | ||
| 654 | _aCED | ||
| 942 |
_cLIB _dJUS _fJUS _2ddc _n |
||
| 999 |
_c9487 _d9487 |
||